Statistics for Countries of the World Venn Diagram #3

Click here to take the quiz!

General Stats

  • This quiz has been taken 356 times
  • The average score is 5 of 14

Answers on the Map

Answers color-coded by a green-red scale on the quiz's map according to % correct below.
 

Answer Stats

Answer% Correct
Italy
60%
Switzerland
58%
San Marino
47%
Palau
36%
Tanzania
36%
Bulgaria
35%
Kazakhstan
35%
Honduras
31%
Trinidad and Tobago
31%
Israel
30%
Mongolia
29%
Panama
26%
Saudi Arabia
26%
Laos
23%

Score Distribution

Percentile by Number Answered

Percent of People with Each Score

Your Score History

You have not taken this quiz